00306nam a2200109 a 4500008004100000050001900041100002700060245002800087260005600115300001600171350000900187120416s1966 ||||||||||||||||| || u aHJ 1609.N5 Oki aOkigbo, Pius Nwabufo C10aNigerian public finance aEvanston, Ill.bNorthwestern University Pressc1966 axiii, 245p. a0.00